African Dictators - Statistics

General Stats
  • This quiz has been taken 83 times
    72 since last reset
  • The average score is 15 of 27
Answer Stats
Dictators Countries % Correct
Robert Mugabe Zimbabwe
97%
Muammar Mohammed Abu Minyar Gaddafi Libya
95%
Idi Amin Dada Uganda
95%
Mobutu Sese Seko Kuku Ngbendu Democratic Republic Of The Congo
90%
Charles G. Taylor Liberia
77%
Mengistu Haile Mariam Ethiopia
74%
Omar Hasan Ahmad al-Bashir Sudan
72%
Francisco Macías Nguema Equatorial Guinea
67%
King Mohammed VI Morocco
67%
Paul Kagame Rwanda
62%
King Mswati III Swaziland
62%
Thomas Sankara Burkina Faso
59%
Zine El Abidine Ben Ali Tunisia
54%
Jose Eduardo Dos Santos Angola
51%
Paul Biya Cameroon
49%
Isaias Afwerki Eritrea
46%
Mohamed Siad Barre Somalia
44%
Idriss Déby Chad
41%
Ahmed Sékou Touré Guinea
38%
Sani Abacha Nigeria
38%
Omar Bongo Gabon
36%
Félix Houphouët-Boigny Côte d'Ivoire
31%
Salva Kiir Mayardit South Sudan
28%
Hastings Kamuzu Banda Malawi
26%
Gnassingbé Eyadéma Togo
26%
Jerry Rawlings Ghana
23%
Modibo Keita Mali
21%
No matching quizzes found
Score Distribution
Percent of People with Each Score
Percentile by Number Answered
Your Score History
You have not taken this quiz since the last reset